Państwa najbliższe kontynentalnej Francji - Statystyki

Ogólne statystyki
  • Ten quiz został rozwiązany 4 297 razy
  • Średni wynik to 18 z 20
Statystyki odpowiedzi
km Państwo % Poprawnych
0 Hiszpania
99%
0 Niemcy
99%
0 Belgia
98%
0 Włochy
98%
0 Szwajcaria
97%
61 Holandia
96%
0 Andora
95%
0 Luksemburg
95%
33 Wielka Brytania
95%
148 Austria
94%
0 Monako
92%
412 Portugalia
91%
150 Liechtenstein
89%
432 Irlandia
85%
259 San Marino
85%
240 Watykan
85%
313 Czechy
84%
430 Słowenia
84%
403 Chorwacja
75%
450 Tunezja
40%
Nie znaleziono quizów pasujących do podanych kryteriów
Rozkład punktacji
Procent ludzi z każdym wynikiem
Percentyl według liczby udzielonych odpowiedzi
Twoja historia wyników
Nie rozwiązałeś tego quizu